000 00426nam a2200181Ia 4500
005 20240823011555.0
008 240823s9999||||xx |||||||||||||| ||und||
041 _aENGLISH
082 _A621.4021 P0
100 _aArora C P
245 0 _aThermodynamics
250 _a1st
260 _c2000
_b"TMH,New Delhi"
500 _aTRANSFERED
650 _aThermodynamics
_bAerospace Engineering
942 _cBK
999 _c161936
_d161936